00575nam a22001937a 450000500170000000800410001702000180005804000210007604100080009708200130010510000320011824500890015025000120023926000340025130000100028565000290029570000260032470000310035020230915113045.0230915b ||||| |||| 00| 0 eng d a9789391527730 aIN-DiNCcIN-DiNC dasm a370bCHA aChaliha, Beda Kumareauthor aShikshar aadhar (Major)/cby Beda Kumar Chaliha, Tarun Chaliha and Runu Borah Saikia a1st ed. aJorhat:bBidya bhawan,c2023. a303p. aFoundations of education aSaikia, Taruneauthor aSaikia, Runu Boraheauthor